| 000 | 00356nam a22001217a 4500 | ||
|---|---|---|---|
| 999 |
_c12272 _d12272 |
||
| 020 | _a9780230106079 | ||
| 082 | _a153.4 | ||
| 100 | _aDaniel Patrick Forrester | ||
| 245 | _aConsider: Harnessing the Power of Reflective Thinking In Your Organization | ||
| 260 |
_aUSA _bPalgrave Macmillan _c2011 |
||
| 300 |
_a238 pages _b9.3 x 6.1 x 1.1 inches |
||
| 942 | _cBK | ||